|
|
|
|
| LEADER |
00000nab a2200000 4500 |
| 001 |
vtls012056822 |
| 003 |
SK-MaSNL |
| 005 |
20260318122046.0 |
| 008 |
210602c2020 xo er|n || ||00 c0ukr |
| 015 |
|
|
|a SNBRB2021/06
|
| 038 |
|
|
|a SVKPOCL
|
| 040 |
|
|
|a SVKPOCL
|b slo
|c SVKPOCL
|e rda
|
| 041 |
0 |
|
|a ukr
|
| 043 |
|
|
|a e-cs---
|a e-un---
|a e-xr---
|
| 044 |
|
|
|a xo
|c SK
|
| 072 |
|
7 |
|a 323
|x Vnútropolitický vývoj, politický život
|2 konspekt
|
| 072 |
|
7 |
|a 321
|x Politológia
|2 konspekt
|
| 080 |
|
|
|a 323.269
|2 2011
|
| 080 |
|
|
|a 323.25/.26
|2 2011
|
| 080 |
|
|
|a 321.74
|2 2011
|
| 080 |
|
|
|a 316.644
|2 2011
|
| 080 |
|
|
|a 94(4)"1968"
|2 2011
|
| 080 |
|
|
|a (437.3)
|2 2011
|
| 080 |
|
|
|a (477)
|2 2011
|
| 110 |
1 |
|
|a Ukrajina.
|b Posoľstvo (Česko)
|4 aut
|9 1334051
|
| 245 |
0 |
0 |
|a Posol všanuvav pam'jať Vasylja Makucha
|c Posol'stvo Ukrajiny v ČR.
|
| 336 |
|
|
|a text
|b txt
|2 rdacontent
|
| 337 |
|
|
|a bez média
|b n
|2 rdamedia
|
| 338 |
|
|
|a zväzok
|b nc
|2 rdacarrier
|
| 600 |
1 |
7 |
|a Makuch, Vasyl' Omeljanovyč,
|d 1927-1968
|2 svkpocl
|9 1590814
|
| 600 |
1 |
7 |
|a Perebyjnis, Jevhen Petrovyč,
|d 1968-
|2 svkpocl
|9 1333725
|
| 610 |
1 |
7 |
|a Ukrajina.
|b Posoľstvo (Česko)
|2 svkpocl
|9 1334051
|
| 648 |
|
7 |
|a 1968
|2 svkpocl
|9 297881
|
| 648 |
|
7 |
|a 5.11.1968
|2 svkpocl
|9 1590815
|
| 648 |
|
7 |
|a 5.11.2020
|2 svkpocl
|9 1590816
|
| 650 |
0 |
7 |
|a sebaupálenie
|2 svkpocl
|9 338636
|
| 650 |
0 |
7 |
|a osobný protest
|2 svkpocl
|9 1590817
|
| 650 |
0 |
7 |
|a občiansky protest
|2 svkpocl
|9 1590818
|
| 650 |
0 |
7 |
|a osobná revolta
|2 svkpocl
|9 1590819
|
| 650 |
0 |
7 |
|a protikomunistický odboj
|2 SNKPH
|9 4749
|
| 650 |
0 |
7 |
|a občianski aktivisti
|2 svkpocl
|9 1087262
|
| 650 |
0 |
7 |
|a politickí aktivisti
|2 SNKPH
|9 4746
|
| 650 |
0 |
7 |
|a totalitné režimy
|2 SNKPH
|9 4698
|
| 651 |
|
7 |
|a Kyjev (Ukrajina)
|2 SNKPHgeo
|9 30606
|
| 651 |
|
7 |
|a Československo
|2 SNKPH
|9 21376
|
| 651 |
|
7 |
|a Ukrajina
|2 SNKPHgeo
|9 168045
|
| 651 |
|
7 |
|a Česko
|2 SNKPHgeo
|9 16753
|
| 651 |
|
7 |
|a Praha (Česko)
|2 SNKPHgeo
|9 19313
|
| 773 |
0 |
|
|t Nove žyttja
|g Roč. 70, č. 23 (2020), s. [1]
|
| 852 |
|
|
|a SVKPO
|b KIS3GCP
|
| 958 |
|
|
|a SS
|
| 958 |
|
|
|a BC
|
| 958 |
|
|
|a UA
|
| 958 |
|
|
|a NM
|
| 958 |
|
|
|a CS
|
| 958 |
|
|
|a CZ
|
| 999 |
|
|
|c 3263192
|d 3265122
|